Представление документа в формате RUSMARC

ПолеНазваниеЗначение
  Тип записи a
  Библиографический уровень c
001 Контрольный номер RU/SLIB/B/208702663
005 Дата корректировки 20230316121052.4
010 Индекс ISBN __
d Цена 12-00; 0-55; 2-00; 3-00
100 Данные общей обработки __
a Данные общей обработки 20210312d1986####ma y0rusy028902 ca
101 Язык документа 0_
a Язык текста ost
a Язык текста rus
102 Страна публикации __
a Страна публикации RU
105 Кодированные данные (монография) __
a Кодированные данные (монография) y z 000ay
181 Поле кодированных данных: вид содержания _0
a Код вида содержания (ISBD) i
182 Поле кодированных данных: тип средства _0
a Код типа средства (ISBD) n
200 Заглавие и сведения об ответственности 1_
a Заглавие В тени старого кедра
e Сведения, относящиеся к заглавию повести
f Первые сведения об ответственности Е. Д. Айпин
b Общее обозначение материала Текст
210 Выходные данные 1_
a Место издания Свердловск
c Издательство Сред.-Урал. кн. изд-во
d Дата издания 1986
215 Физическое описание __
a Объем 256 с.
c Иллюстрации/тип воспроизводства ил.
300 Общие примечания __
a Общие примечания На титульной странице автограф автора: "На добрую память. Автор. Подпись"
330 Аннотация __
a Аннотация Повести хантыйского писателя учат видеть понимать и беречь мир, в котором мы живем. Становление личности через общение с природой, через традиции своего народа.
517 Другие варианты заглавия 1_
a Другие варианты заглавия Я слушаю землю
606 Тематические рубрики __
a Основная рубрика Художественная литература
606 Тематические рубрики __
a Основная рубрика Литература народов России (произведения)
z Хронологическая подрубрика 20 в.
y Географическая подрубрика Ханты-Мансийский автономный округ
610 Ключевые слова 0_
a Ключевые слова повести; тема природы; хантыйская литература; тема животных; хантыйские традиции
686 Индексы других классификаций __
2 Код системы rubbks
a Классификационный индекс К84(2Рос=Хат)6-4 ; стК84(2Рос=Хат)6-4
700 Автор _1
a Фамилия Айпин
b Имя Е. Д.
g Полное личное имя Еремей Данилович
4 Код отношения 070
4 Код отношения 450
801 Источник записи _0
a Страна RU
b Организация Муниципальное бюджетное учреждение культуры "Централизованная библиотечная система" г. Сургут (Центральная городская библиотека им. А. С. Пушкина)
g Правила каталогизации КиК/Поспелова; Об/Кундохова; КиК/Гашева
801 Источник записи _1
a Страна RU
b Организация Муниципальное бюджетное учреждение культуры "Централизованная библиотечная система" г. Сургут (Центральная городская библиотека им. А. С. Пушкина)
g Правила каталогизации КиК/Поспелова; Об/Кундохова; КиК/Гашева
852 Данные о местонахождении __
j Шифр хранения К84(2Рос=Хат)6-4
c Каталожный индекс К84(2Рос=Хат)6-4
i Авторский знак А 36
p Инвентарный номер 05071205; 03070113; 03070124; 67148; 67473; 32808
901 Тип документа __
t Тип документа x
903 Характеристики (МАРС) __
a Дата передачи 20050830; 19980316
969 Тип издания __
a Тип издания сборник
990 Данные о заказе (DOS) __
j Количество экземпляров (DOS) 1; 2; 4
t N записи в КСУ для И/У (DOS) 200507; 200307; 199803